[Event "TOP 16 - Final A"]
[Site "TOP16-Final-A"]
[Date "2021.01.17"]
[Round "12"]
[White "Amiralfio"]
[Black "Yvesandre2"]
[Result "1/2-1/2"]
[WhiteElo "1902"]
[BlackElo "2235"]
[Annotator "TA"]
[PlyCount "29"]
[EventDate "2021.01.17"]
[EventType "blitz"]

{[%evp 9,29,-4,-3,-8,-7,0,0,0,0,-4,-11,-7,-5,-14,-4,-16,0,0,0,0,0,0]} 1. Nf3 c5 2. c4 Nf6 3. b3 d6 4. d4 cxd4 5. Nxd4 e5 {The position is equal.} 6. Nc2 {A30: Symmetrical English: Double Fianchetto and Hedgehog.} d5 7. cxd5 Qxd5 8. Qxd5 Nxd5 9. e4 Nb4 10. Nxb4 Bxb4+ 11. Bd2 Nc6 12. Bb5 {[#]} Bd7 $146 ({Predecessor:} 12... Bxd2+ 13. Nxd2 Bd7 14. O-O-O Rc8 15. Kb2 a6 16. Bxc6 Rxc6 17. Nc4 f6 18. Na5 Rb6 {½-½ (59) Shurygin,S (2305)-Alekseev,A (2270) Decin 1998}) 13. Bxc6 Bxd2+ 14. Nxd2 Bxc6 15. Rc1 {A rather calm draw.  Weighted Error Value: White=0.01/Black=0.03} 1/2-1/2

[Event "TOP 16 - Final A"]
[Site "TOP16-Final-A"]
[Date "2021.01.17"]
[Round "13"]
[White "Christian Bauer"]
[Black "Burrito2001"]
[Result "1-0"]
[WhiteElo "2473"]
[BlackElo "2137"]
[Annotator "NA RC"]
[PlyCount "79"]
[EventDate "2021.01.17"]
[EventType "blitz"]

1. e4 {[%emt 0:00:02]} c5 {[%emt 0:00:03]} 2. Nf3 {[%emt 0:00:01]} d6 {[%emt 0:00:01]} 3. Bc4 {[%emt 0:00:01]} Nc6 {[%emt 0:00:03]} 4. c3 {[%emt 0:00:02]} Nf6 {[%emt 0:00:02]} 5. d3 {[%emt 0:00:01]} Bg4 {[%emt 0:00:04]} 6. Qb3 {[%emt 0:00:02]} e6 {[%emt 0:00:26]} 7. Qxb7 {[%emt 0:00:02]} Rc8 {[%emt 0:00:04]} 8. Bb5 {[%emt 0:00:04]} Qd7 {[%emt 0:00:08]} 9. Qxd7+ {[%emt 0:00:07]} Kxd7 {[%emt 0:00:02]} 10. Nbd2 {[%emt 0:00:31]} Be7 {[%emt 0:00:14]} 11. e5 {[%emt 0:00:50]} Nd5 {[%emt 0:00:17]} 12. exd6 {[%emt 0:00:02]} Bxd6 {[%emt 0:00:03]} 13. Ng5 {[%emt 0:00:14]} Bh5 {[%emt 0:00:15]} 14. Nc4 {[%emt 0:00:14]} Ke7 {[%emt 0:01:39]} 15. Nxd6 {[%emt 0:00:21]} Kxd6 {[%emt 0:00:02]} 16. Ne4+ {[%emt 0:00:01]} Ke7 {[%emt 0:00:01]} 17. Nxc5 {[%emt 0:00:09]} Ncb4 {[%emt 0:00:12]} 18. cxb4 {[%emt 0:00:22]} Nxb4 {[%emt 0:00:03]} 19. Be3 {[%emt 0:01:34]} Nc2+ {[%emt 0:00:17]} 20. Kd2 {[%emt 0:00:02]} Nxe3 {[%emt 0:00:00]} 21. fxe3 {[%emt 0:00:23]} Rxc5 {[%emt 0:00:03]} 22. a4 {[%emt 0:00:27]} Rb8 {[%emt 0:01:19]} 23. Rhc1 {[%emt 0:00:14]} Rg5 {[%emt 0:00:11]} 24. Rc7+ {[%emt 0:00:11]} Kd6 {[%emt 0:00:13]} 25. Rc6+ {[%emt 0:00:17]} Ke7 {[%emt 0:00:16]} 26. g3 {[%emt 0:00:04]} Rf5 {[%emt 0:00:15]} 27. Rc7+ {[%emt 0:00:19]} Kf6 {[%emt 0:00:29]} 28. Rxa7 {[%emt 0:00:11]} Rf2+ {[%emt 0:00:03]} 29. Kc3 {[%emt 0:00:01]} Bf3 {[%emt 0:00:11]} 30. b4 {[%emt 0:00:14]} Rc8+ {[%emt 0:00:15]} 31. Bc4 {[%emt 0:00:02]} Bd5 {[%emt 0:00:00]} 32. b5 {[%emt 0:00:08]} Bxc4 {[%emt 0:00:32]} 33. dxc4 {[%emt 0:00:02]} Re2 {[%emt 0:00:00]} 34. Rf1+ {[%emt 0:00:09]} Ke5 {[%emt 0:00:04]} 35. b6 {[%emt 0:00:22]} Rxe3+ {[%emt 0:00:13]} 36. Kb4 {[%emt 0:00:01]} Rc6 {[%emt 0:00:38]} 37. a5 {[%emt 0:00:05]} Re4 {[%emt 0:00:02]} 38. Rc1 {[%emt 0:00:01]} Re2 {[%emt 0:00:02]} 39. Kb5 {[%emt 0:00:08]} Rd6 {[%emt 0:00:03]} 40. Rb1 {[%emt 0:00:12] Burrito2001 abandonne (Lag: Av=1.51s, max=2.2s)} 1-0

[Event "TOP 16 - Final A"]
[Site "TOP16-Final-A"]
[Date "2021.01.17"]
[Round "13"]
[White "Adrien Demuth"]
[Black "Tander"]
[Result "1-0"]
[WhiteElo "2366"]
[BlackElo "2018"]
[Annotator "TA"]
[PlyCount "77"]
[EventDate "2021.01.17"]
[EventType "blitz"]

{[%evp 9,77,-29,0,0,7,-31,14,13,21,8,7,8,7,-14,0,0,33,18,12,9,30,16,46,46,52,52,73,3,32,29,37,-7,-5,-7,-14,-21,-11,-71,26,13,35,54,117,39,42,47,160,188,179,74,256,30,18,31,85,61,75,0,43,27,127,139,115,101,241,220,460,483,460,416]} 1. f4 d5 2. Nf3 Nf6 3. g3 Nc6 4. Bg2 Bg4 5. O-O Bxf3 6. Bxf3 {A03: Bird's Opening with 1...d5.} e5 7. d3 {[#]} Bd6 $146 ({Predecessor:} 7... e4 8. Bg2 Bc5+ 9. e3 O-O 10. Nc3 Re8 11. Na4 Qe7 12. Nxc5 Qxc5 13. d4 Qd6 {0-1 (43) Markiewicz,M (2032)-Sielicki,T (2022) Mrzezyno 2011}) 8. Nc3 {The position is equal.} exf4 9. gxf4 d4 10. Ne4 O-O 11. Qe1 Be7 12. Qg3 Kh8 13. Kh1 Qd7 14. Rg1 {[%csl Gg1][%cal Rg3g7]} Rg8 15. Ng5 {[%cal Rg5f7]} Bd6 16. Qh4 h6 17. Ne4 Be7 18. Qf2 (18. Nxf6 $16 {Hoping for Qxh6+!} Bxf6 19. Qh5) 18... Rae8 19. Bd2 Nd5 20. Rg2 f5 21. Ng3 Bh4 22. c3 Ne3 23. Rgg1 {[#]} (23. Bxe3 $11 dxe3 24. Qf1) 23... Ng4 (23... Qd6 $1 $17) 24. Qf1 Bxg3 (24... Re7 {seems wilder.} 25. Qg2 Bxg3 26. Qxg3 Ne3 27. Rac1 Qd6) 25. Rxg3 Re6 (25... a5 $14) 26. h3 (26. Bxg4 $16 fxg4 27. Rxg4) 26... Ne3 $14 27. Qf2 Qe7 {[#]} (27... Ne7 $14) 28. Rag1 $1 $16 Kh7 29. Bh5 (29. cxd4 $18 {and White stays clearly on top.} Nxd4 30. Bxe3 (30. Bxb7 c5 $16) 30... Rxe3 31. Bd5 (31. Bxb7 Rxg3 32. Rxg3 Nxe2 $11) 31... Rxg3 32. Bxg8+ (32. Qxg3 Rd8 $15) 32... Kxg8 33. Rxg3) 29... Nd5 $2 (29... Ng4 $16 {might work better.} 30. Rxg4 (30. hxg4 Rxe2 31. Qf1 Rxd2 $15) 30... fxg4 31. Bxg4 Rd6) 30. Rg6 $2 ({White should try} 30. cxd4 $18 {aiming for Bf3.} Nf6 31. Bg6+ Kh8 32. e3 (32. Bxf5 $2 Rxe2 33. Qf1 Rxd2 $19)) 30... Nf6 $1 $11 {[%cal Rf6h5]} 31. Bf3 $36 {[%mdl 2048] White has good play.} Qd6 (31... Ne4 $14 32. dxe4 Rxg6 33. Rxg6 fxe4) 32. Qg3 {[%cal Rg6g7]} Qe7 33. Qh4 ({White should play} 33. a3 $16) 33... Qf7 34. R6g2 Ne7 (34... Qd7 $11) 35. cxd4 c6 36. Re1 Ned5 (36... Rd6 $16) 37. e4 $18 fxe4 (37... Nc7 38. Bd1 Nb5) 38. dxe4 Ne7 39. f5 {Weighted Error Value: White=0.35/Black=0.40} 1-0

[Event "TOP 16 - Final A"]
[Site "TOP16-Final-A"]
[Date "2021.01.17"]
[Round "13"]
[White "Harut-1998"]
[Black "Amiralfio"]
[Result "1-0"]
[WhiteElo "2304"]
[BlackElo "1915"]
[Annotator "NA RC"]
[PlyCount "43"]
[EventDate "2021.01.17"]
[EventType "blitz"]
[WhiteTeam "Nice Alekhine "]

{Haroutyun , Barseghyan (2471)} 1. d4 {[%emt 0:00:02]} f5 {[%emt 0:00:04]} 2. e4 {[%emt 0:00:05]} fxe4 {[%emt 0:00:00]} 3. Nc3 {[%emt 0:00:02]} Nf6 {[%emt 0:00:01]} 4. Bg5 {[%emt 0:00:03]} g6 {[%emt 0:00:09]} 5. h4 {[%emt 0:00:39]} d5 {[%emt 0:00:33]} 6. h5 {[%emt 0:00:08]} Bg7 {[%emt 0:00:07]} 7. h6 {[%emt 0:00:11]} Bf8 {[%emt 0:00:02]} 8. f3 {[%emt 0:00:03]} Nc6 {[%emt 0:00:06]} 9. Qd2 {[%emt 0:00:21]} Be6 {[%emt 0:00:18]} 10. O-O-O {[%emt 0:00:05]} Bf7 {[%emt 0:00:19]} 11. fxe4 {[%emt 0:00:15]} Nxe4 {[%emt 0:00:03]} 12. Nxe4 {[%emt 0:00:05]} dxe4 {[%emt 0:00:00]} 13. d5 {[%emt 0:00:08]} Ne5 {[%emt 0:00:18]} 14. Bb5+ {[%emt 0:01:29]} c6 {[%emt 0:00:08]} 15. Qc3 {[%emt 0:00:07]} Qc7 {[%emt 0:00:40]} 16. dxc6 {[%emt 0:00:14]} bxc6 {[%emt 0:00:01]} 17. Bf4 {[%emt 0:01:36]} Nd3+ {[%emt 0:00:17]} 18. Kb1 {[%emt 0:00:41]} Bxa2+ {[%emt 0:00:03]} 19. Kxa2 {[%emt 0:00:07]} Nxf4 {[%emt 0:00:10]} 20. Qxc6+ {[%emt 0:00:13]} Qxc6 {[%emt 0:00:05]} 21. Bxc6+ {[%emt 0:00:00]} Kf7 {[%emt 0:00:01]} 22. Bxa8 {[%emt 0:00:01] Amiralfio resigns} 1-0

[Event "TOP 16 - Final A"]
[Site "TOP16-Final-A"]
[Date "2021.01.17"]
[Round "13"]
[White "ProfTerrieux"]
[Black "Tigran1984"]
[Result "0-1"]
[WhiteElo "2293"]
[BlackElo "2687"]
[Annotator "NA RC"]
[PlyCount "88"]
[EventDate "2021.01.17"]
[EventType "blitz"]

1. d4 {[%emt 0:00:04]} d6 {[%emt 0:00:01]} 2. e4 {[%emt 0:00:02]} g6 {[%emt 0:00:02]} 3. Be3 {[%emt 0:00:08]} Bg7 {[%emt 0:00:06]} 4. Qd2 {[%emt 0:00:09]} a6 {[%emt 0:00:16]} 5. f3 {[%emt 0:00:03]} Nd7 {[%emt 0:00:15]} 6. h4 {[%emt 0:00:08]} c5 {[%emt 0:00:23]} 7. Nc3 {[%emt 0:00:02]} cxd4 {[%emt 0:00:50]} 8. Bxd4 {[%emt 0:00:02]} Bxd4 {[%emt 0:00:01]} 9. Qxd4 {[%emt 0:00:01]} Ngf6 {[%emt 0:00:01]} 10. h5 {[%emt 0:00:12]} Qb6 {[%emt 0:00:13]} 11. Qxb6 {[%emt 0:00:04]} Nxb6 {[%emt 0:00:00]} 12. hxg6 {[%emt 0:00:01]} fxg6 {[%emt 0:00:00]} 13. Nh3 {[%emt 0:00:19]} h6 {[%emt 0:00:22]} 14. O-O-O {[%emt 0:01:12]} Bd7 {[%emt 0:00:15]} 15. e5 {[%emt 0:00:08]} dxe5 {[%emt 0:00:10]} 16. Re1 {[%emt 0:00:22]} Bxh3 {[%emt 0:00:59]} 17. Rxh3 {[%emt 0:00:03]} Nbd7 {[%emt 0:00:00]} 18. Bc4 {[%emt 0:00:29]} Rc8 {[%emt 0:00:12]} 19. Be6 {[%emt 0:01:18]} Rc6 {[%emt 0:00:08]} 20. Bxd7+ {[%emt 0:00:03]} Nxd7 {[%emt 0:00:01]} 21. Reh1 {[%emt 0:00:16]} h5 {[%emt 0:00:13]} 22. Re1 {[%emt 0:00:06]} Rf8 {[%emt 0:00:11]} 23. Ne4 {[%emt 0:00:12]} Rf5 {[%emt 0:00:10]} 24. g4 {[%emt 0:00:47]} hxg4 {[%emt 0:00:02]} 25. fxg4 {[%emt 0:00:01]} Rf4 {[%emt 0:00:11]} 26. g5 {[%emt 0:00:04]} Kd8 {[%emt 0:00:13]} 27. b3 {[%emt 0:00:34]} b5 {[%emt 0:00:06]} 28. a3 {[%emt 0:00:11]} Kc7 {[%emt 0:00:14]} 29. Kb2 {[%emt 0:00:02]} Rg4 {[%emt 0:00:24]} 30. Rh7 {[%emt 0:01:13]} Re6 {[%emt 0:00:16]} 31. Re2 {[%emt 0:00:12]} Kc6 {[%emt 0:00:03]} 32. Rh3 {[%emt 0:00:02]} Kb6 {[%emt 0:00:13]} 33. b4 {[%emt 0:00:01]} Kc7 {[%emt 0:00:04]} 34. Rc3+ {[%emt 0:00:02]} Rc6 {[%emt 0:00:01]} 35. Rh3 {[%emt 0:00:01]} Nb6 {[%emt 0:00:11]} 36. Rh7 {[%emt 0:00:01]} Na4+ {[%emt 0:00:06]} 37. Kc1 {[%emt 0:00:10]} Rg1+ {[%emt 0:00:23]} 38. Kd2 {[%emt 0:00:02]} Kd7 {[%emt 0:00:01]} 39. Nf6+ {[%emt 0:00:09]} Ke6 {[%emt 0:00:01]} 40. Ng8 {[%emt 0:00:01]} Rd6+ {[%emt 0:00:08]} 41. Ke3 {[%emt 0:00:02]} Rd7 {[%emt 0:00:01]} 42. Kf2 {[%emt 0:00:05]} Rxg5 {[%emt 0:00:01]} 43. Nh6 {[%emt 0:00:05]} Nc3 {[%emt 0:00:02]} 44. Re3 {[%emt 0:00:01]} Nd1+ {[%emt 0:00:01] ProfTerrieux abandonne (Lag: Av=0.47s, max=0.9s)} 0-1

[Event "TOP 16 - Final A"]
[Site "TOP16-Final-A"]
[Date "2021.01.17"]
[Round "13"]
[White "SFeller"]
[Black "Bagheri amir"]
[Result "1-0"]
[WhiteElo "2232"]
[BlackElo "2168"]
[Annotator "TA"]
[PlyCount "77"]
[EventDate "2021.01.17"]
[EventType "blitz"]
[BlackTeam "monaco"]

{[%evp 9,77,5,10,0,10,6,7,0,0,0,22,25,78,78,79,75,85,81,103,60,69,61,66,64,89,46,85,77,113,102,111,105,145,143,270,237,312,204,310,310,374,352,463,453,641,656,646,647,608,439,756,734,712,643,721,467,591,466,378,322,1605,906,890,889,800,517,3227,2872,2706,2572]} 1. d4 Nf6 2. c4 e6 3. Nc3 Bb4 4. Nf3 b6 5. Bg5 Bb7 6. Nd2 {E12: Queen's Indian: Unusual White 4th moves, 4 a3, 4 Nc3 Bb7 5 a3 and 4 Nc3 Bb7 .} O-O 7. e4 h6 8. Bh4 {Black should prevent e5.The position is equal.} Be7 9. Bg3 d6 10. Bd3 {[#]} c5 $146 (10... Nc6 $11 {remains equal.}) ({Predecessor:} 10... Nc6 11. Nb3 Nb4 12. Bb1 c5 13. d5 e5 14. a3 Na6 15. O-O g6 16. f3 Nc7 {0-1 (54) Ipatov,A (2614)-Eljanov,P (2723) Yerevan 2014}) 11. d5 $16 e5 12. Nf1 Na6 13. Ne3 Nc7 14. f3 a6 15. Bf2 Nh5 16. g3 g6 17. h4 Bc8 18. Qd2 {Black is now going downhill.} Kg7 19. O-O-O b5 20. Rdg1 ({Of course not} 20. cxb5 $6 Nxb5 21. Nxb5 axb5 $11) 20... Rb8 {[#]} 21. f4 $1 bxc4 (21... Rg8 $16 22. fxe5 dxe5) 22. Nxc4 $18 Nb5 23. Be3 Rh8 (23... Nf6 {was called for.} 24. fxe5 {[%mdl 64] Discovered Attack} Ng4) 24. fxe5 {Black must now prevent g4.} dxe5 25. g4 Nf6 26. Nxe5 Bd7 (26... Qe8 $142 27. g5 Nd7) 27. g5 hxg5 28. hxg5 Nh5 29. Rf1 Rf8 (29... Be8 $142 30. Nxb5 axb5) 30. Nxb5 Bxb5 31. Bxb5 Rxb5 32. Qc3 Kg8 33. Rxh5 gxh5 34. Rh1 Bxg5 $2 {[#]} (34... f6) 35. Rg1 {White is clearly winning.} f6 36. Nc6 Qc7 37. e5 Re8 (37... Kh7 $142 38. Qd3+ Kh8 39. Bxg5 fxg5) 38. Bxg5 fxg5 39. Rxg5+ {Weighted Error Value: White=0.43/Black=0.43} 1-0

[Event "TOP 16 - Final A"]
[Site "TOP16-Final-A"]
[Date "2021.01.17"]
[Round "13"]
[White "Yvesandre2"]
[Black "Pastouche06"]
[Result "1-0"]
[WhiteElo "2222"]
[BlackElo "2195"]
[Annotator "NA RC"]
[PlyCount "97"]
[EventDate "2021.01.17"]
[EventType "blitz"]

1. e4 {[%emt 0:00:02]} c6 {[%emt 0:00:02]} 2. Nf3 {[%emt 0:00:01]} d5 {[%emt 0:00:01]} 3. d3 {[%emt 0:00:01]} Qc7 {[%emt 0:00:07]} 4. Nc3 {[%emt 0:00:02]} dxe4 {[%emt 0:00:02]} 5. Nxe4 {[%emt 0:00:00]} Nf6 {[%emt 0:00:01]} 6. Qe2 {[%emt 0:00:01]} Nbd7 {[%emt 0:00:02]} 7. g3 {[%emt 0:00:03]} Nxe4 {[%emt 0:00:07]} 8. Qxe4 {[%emt 0:00:00]} Nf6 {[%emt 0:00:01]} 9. Qe2 {[%emt 0:00:01]} g6 {[%emt 0:00:01]} 10. Bg2 {[%emt 0:00:07]} Bg7 {[%emt 0:00:01]} 11. O-O {[%emt 0:00:09]} O-O {[%emt 0:00:06]} 12. d4 {[%emt 0:00:09]} Be6 {[%emt 0:00:30]} 13. Re1 {[%emt 0:00:27]} Rfe8 {[%emt 0:00:05]} 14. Bf4 {[%emt 0:00:15]} Qd7 {[%emt 0:00:03]} 15. c4 {[%emt 0:00:21]} Rad8 {[%emt 0:00:05]} 16. Rad1 {[%emt 0:00:13]} Bg4 {[%emt 0:00:09]} 17. Be5 {[%emt 0:00:42]} Qf5 {[%emt 0:00:32]} 18. Qe3 {[%emt 0:00:09]} Bh3 {[%emt 0:00:44]} 19. Bxh3 {[%emt 0:01:00]} Qxh3 {[%emt 0:00:00]} 20. Bxf6 {[%emt 0:00:14]} Bxf6 {[%emt 0:00:04]} 21. Rd2 {[%emt 0:00:16]} Rd7 {[%emt 0:00:25]} 22. Red1 {[%emt 0:00:15]} Red8 {[%emt 0:00:09]} 23. a4 {[%emt 0:00:15]} Qf5 {[%emt 0:00:19]} 24. Kg2 {[%emt 0:00:06]} g5 {[%emt 0:00:13]} 25. h3 {[%emt 0:00:13]} h5 {[%emt 0:00:09]} 26. Nh2 {[%emt 0:01:03]} Kg7 {[%emt 0:01:32]} 27. b3 {[%emt 0:00:08]} a5 {[%emt 0:01:37] Pastouche06 propose la nulle} 28. g4 {[%emt 0:00:14]} hxg4 {[%emt 0:00:03]} 29. hxg4 {[%emt 0:00:00]} Qg6 {[%emt 0:00:05]} 30. Nf1 {[%emt 0:00:02]} c5 {[%emt 0:00:21]} 31. dxc5 {[%emt 0:00:25]} Rxd2 {[%emt 0:00:03]} 32. Rxd2 {[%emt 0:00:00]} Rxd2 {[%emt 0:00:11]} 33. Nxd2 {[%emt 0:00:00]} Qc2 {[%emt 0:00:00]} 34. Ne4 {[%emt 0:00:11]} Kg6 {[%emt 0:00:05]} 35. Nxf6 {[%emt 0:00:11]} exf6 {[%emt 0:00:02]} 36. Qf3 {[%emt 0:00:01]} f5 {[%emt 0:00:35]} 37. Qxb7 {[%emt 0:00:20]} fxg4 {[%emt 0:00:02]} 38. Qc6+ {[%emt 0:00:01]} f6 {[%emt 0:00:05]} 39. Qe8+ {[%emt 0:00:02]} Kg7 {[%emt 0:00:03]} 40. c6 {[%emt 0:00:19]} Qxb3 {[%emt 0:00:02]} 41. Qe7+ {[%emt 0:00:04]} Kg6 {[%emt 0:00:03]} 42. Qe4+ {[%emt 0:00:01]} f5 {[%emt 0:00:10]} 43. Qe6+ {[%emt 0:00:01]} Kg7 {[%emt 0:00:03]} 44. Qxf5 {[%emt 0:00:16]} Qxc4 {[%emt 0:00:01]} 45. Qe5+ {[%emt 0:00:14]} Kf7 {[%emt 0:00:00]} 46. c7 {[%emt 0:00:09]} Qc6+ {[%emt 0:00:01]} 47. Kg1 {[%emt 0:00:01]} Qc1+ {[%emt 0:00:08]} 48. Kh2 {[%emt 0:00:01]} Qc6 {[%emt 0:00:00]} 49. Qf5+ {[%emt 0:00:03] Pastouche06 abandonne (Lag: Av=1.18s, max=1.8s)} 1-0

[Event "TOP 16 - Final A"]
[Site "TOP16-Final-A"]
[Date "2021.01.17"]
[Round "13"]
[White "Pierre35"]
[Black "Nikame"]
[Result "1/2-1/2"]
[WhiteElo "2146"]
[BlackElo "2018"]
[Annotator "NA RC"]
[PlyCount "207"]
[EventDate "2021.01.17"]
[EventType "blitz"]

1. e4 {[%emt 0:00:04]} g6 {[%emt 0:00:05]} 2. d4 {[%emt 0:00:02]} Bg7 {[%emt 0:00:04]} 3. Nf3 {[%emt 0:00:02]} d6 {[%emt 0:00:04]} 4. Bc4 {[%emt 0:00:02]} c6 {[%emt 0:00:45]} 5. O-O {[%emt 0:00:26]} Nf6 {[%emt 0:00:05]} 6. e5 {[%emt 0:00:21]} dxe5 {[%emt 0:00:14]} 7. dxe5 {[%emt 0:00:12]} Nd5 {[%emt 0:00:05]} 8. Qe2 {[%emt 0:00:23]} O-O {[%emt 0:02:09]} 9. h3 {[%emt 0:00:07]} Qb6 {[%emt 0:00:19]} 10. Nc3 {[%emt 0:00:59]} Nxc3 {[%emt 0:00:06]} 11. bxc3 {[%emt 0:00:01]} e6 {[%emt 0:00:23]} 12. Ba3 {[%emt 0:00:34]} c5 {[%emt 0:00:08]} 13. Qe3 {[%emt 0:00:31]} Nd7 {[%emt 0:00:03]} 14. Rad1 {[%emt 0:00:17]} Qa5 {[%emt 0:00:02]} 15. Bc1 {[%emt 0:00:03]} Nb6 {[%emt 0:00:08]} 16. Bd3 {[%emt 0:01:23]} Nd5 {[%emt 0:00:11]} 17. Qg5 {[%emt 0:00:03]} Qd8 {[%emt 0:00:46]} 18. Qd2 {[%emt 0:01:05]} Qa5 {[%emt 0:00:18]} 19. c4 {[%emt 0:00:23]} Qxd2 {[%emt 0:00:02]} 20. Bxd2 {[%emt 0:00:00]} Ne7 {[%emt 0:00:17]} 21. Be4 {[%emt 0:00:10]} Rb8 {[%emt 0:00:06]} 22. Bg5 {[%emt 0:00:08]} Nc6 {[%emt 0:00:23]} 23. Bxc6 {[%emt 0:00:12]} bxc6 {[%emt 0:00:01]} 24. Be7 {[%emt 0:00:08]} Re8 {[%emt 0:00:01]} 25. Bxc5 {[%emt 0:00:01]} Ba6 {[%emt 0:00:14]} 26. Rd4 {[%emt 0:00:07]} Rb2 {[%emt 0:00:07]} 27. Rfd1 {[%emt 0:00:01]} f6 {[%emt 0:00:13]} 28. exf6 {[%emt 0:00:18]} Bxf6 {[%emt 0:00:02]} 29. Rd6 {[%emt 0:00:00]} Bxc4 {[%emt 0:00:05]} 30. Bd4 {[%emt 0:00:08]} Bxd4 {[%emt 0:00:04]} 31. Nxd4 {[%emt 0:00:02]} Rxa2 {[%emt 0:00:11]} 32. Rxc6 {[%emt 0:00:04]} Bd5 {[%emt 0:00:02]} 33. Rc7 {[%emt 0:00:01]} Ra4 {[%emt 0:00:21]} 34. Nc6 {[%emt 0:00:10]} Kf8 {[%emt 0:00:09]} 35. Ne5 {[%emt 0:00:04]} Re7 {[%emt 0:00:07]} 36. Rxe7 {[%emt 0:00:08]} Kxe7 {[%emt 0:00:01]} 37. c4 {[%emt 0:00:00]} Bxc4 {[%emt 0:00:04]} 38. Rd7+ {[%emt 0:00:03]} Ke8 {[%emt 0:00:07]} 39. Rxh7 {[%emt 0:00:03]} Bd5 {[%emt 0:00:02]} 40. Nxg6 {[%emt 0:00:03]} a5 {[%emt 0:00:08]} 41. h4 {[%emt 0:00:01]} Rg4 {[%emt 0:00:03]} 42. h5 {[%emt 0:00:05]} Rxg2+ {[%emt 0:00:02]} 43. Kf1 {[%emt 0:00:01]} Rg5 {[%emt 0:00:02]} 44. Ra7 {[%emt 0:00:06]} Bc4+ {[%emt 0:00:14]} 45. Ke1 {[%emt 0:00:01]} Rxh5 {[%emt 0:00:03]} 46. Nf4 {[%emt 0:00:02]} Rh4 {[%emt 0:00:04]} 47. Nxe6 {[%emt 0:00:06]} Re4+ {[%emt 0:00:01]} 48. Kd2 {[%emt 0:00:04]} Rxe6 {[%emt 0:00:01]} 49. Rxa5 {[%emt 0:00:01]} Re2+ {[%emt 0:00:02]} 50. Kc3 {[%emt 0:00:02]} Be6 {[%emt 0:00:01]} 51. f4 {[%emt 0:00:01]} Kf7 {[%emt 0:00:01]} 52. Re5 {[%emt 0:00:03]} Rf2 {[%emt 0:00:02]} 53. Kd4 {[%emt 0:00:02]} Rxf4+ {[%emt 0:00:02]} 54. Re4 {[%emt 0:00:00]} Rf1 {[%emt 0:00:03]} 55. Re5 {[%emt 0:00:03]} Kf6 {[%emt 0:00:01]} 56. Ra5 {[%emt 0:00:01]} Rf4+ {[%emt 0:00:04]} 57. Ke3 {[%emt 0:00:02]} Rb4 {[%emt 0:00:02]} 58. Rc5 {[%emt 0:00:02]} Ke7 {[%emt 0:00:03]} 59. Ra5 {[%emt 0:00:02]} Kd6 {[%emt 0:00:01]} 60. Rg5 {[%emt 0:00:02]} Bd5 {[%emt 0:00:02]} 61. Rh5 {[%emt 0:00:04]} Kc5 {[%emt 0:00:03]} 62. Rg5 {[%emt 0:00:03]} Re4+ {[%emt 0:00:01]} 63. Kd3 {[%emt 0:00:04]} Rf4 {[%emt 0:00:02]} 64. Ke3 {[%emt 0:00:03]} Rf3+ {[%emt 0:00:01]} 65. Ke2 {[%emt 0:00:01]} Rh3 {[%emt 0:00:10]} 66. Rg7 {[%emt 0:00:06]} Kd4 {[%emt 0:00:02]} 67. Rd7 {[%emt 0:00:01]} Rh2+ {[%emt 0:00:04]} 68. Kd1 {[%emt 0:00:01]} Ke4 {[%emt 0:00:09]} 69. Kc1 {[%emt 0:00:01]} Kd4 {[%emt 0:00:09]} 70. Kd1 {[%emt 0:00:02]} Kc4 {[%emt 0:00:03]} 71. Ke1 {[%emt 0:00:01]} Be4 {[%emt 0:00:07]} 72. Rd2 {[%emt 0:00:01]} Rh1+ {[%emt 0:00:04]} 73. Kf2 {[%emt 0:00:02]} Kc3 {[%emt 0:00:02]} 74. Rd8 {[%emt 0:00:03]} Rh3 {[%emt 0:00:03]} 75. Rd6 {[%emt 0:00:09]} Rf3+ {[%emt 0:00:01]} 76. Ke2 {[%emt 0:00:04]} Rh3 {[%emt 0:00:01]} 77. Kf2 {[%emt 0:00:01]} Rf3+ {[%emt 0:00:03]} 78. Ke2 {[%emt 0:00:01]} Kc4 {[%emt 0:00:05]} 79. Rd8 {[%emt 0:00:04]} Ra3 {[%emt 0:00:04]} 80. Kf2 {[%emt 0:00:03]} Bd5 {[%emt 0:00:03]} 81. Ke2 {[%emt 0:00:05]} Kd4 {[%emt 0:00:01]} 82. Kd1 {[%emt 0:00:01]} Ra2 {[%emt 0:00:04]} 83. Rd6 {[%emt 0:00:03]} Ke5 {[%emt 0:00:04]} 84. Rd8 {[%emt 0:00:02]} Be4 {[%emt 0:00:02]} 85. Rd2 {[%emt 0:00:06]} Ra1+ {[%emt 0:00:03]} 86. Ke2 {[%emt 0:00:02]} Kf4 {[%emt 0:00:01]} 87. Rb2 {[%emt 0:00:07]} Rh1 {[%emt 0:00:04]} 88. Kd2 {[%emt 0:00:01]} Rh3 {[%emt 0:00:03]} 89. Ke1 {[%emt 0:00:18]} Bd3 {[%emt 0:00:06]} 90. Kd2 {[%emt 0:00:03]} Be4 {[%emt 0:00:02]} 91. Ke1 {[%emt 0:00:01]} Ra3 {[%emt 0:00:05]} 92. Kd2 {[%emt 0:00:02]} Kf3 {[%emt 0:00:02]} 93. Ke1 {[%emt 0:00:09]} Re3+ {[%emt 0:00:03]} 94. Kd2 {[%emt 0:00:02]} Kf2 {[%emt 0:00:01]} 95. Kd1+ {[%emt 0:00:07]} Kf3 {[%emt 0:00:01]} 96. Kd2 {[%emt 0:00:01]} Rd3+ {[%emt 0:00:01]} 97. Ke1 {[%emt 0:00:01]} Rd6 {[%emt 0:00:05]} 98. Rf2+ {[%emt 0:00:02]} Kg3 {[%emt 0:00:01]} 99. Rd2 {[%emt 0:00:02]} Rh6 {[%emt 0:00:03]} 100. Ke2 {[%emt 0:00:02]} Kf4 {[%emt 0:00:01]} 101. Kf2 {[%emt 0:00:01]} Rh2+ {[%emt 0:00:03]} 102. Ke1 {[%emt 0:00:01]} Rh1+ {[%emt 0:00:01]} 103. Kf2 {[%emt 0:00:01]} Rh8 {[%emt 0:00:09]} 104. Ke1 {[%emt 0:00:06] 50 Moves Rule 50 Moves Rule} 1/2-1/2

[Event "TOP 16 - Final A"]
[Site "TOP16-Final-A"]
[Date "2021.01.17"]
[Round "13"]
[White "SebyFischer57"]
[Black "jncool68"]
[Result "0-1"]
[WhiteElo "2032"]
[BlackElo "2228"]
[Annotator "NA RC"]
[PlyCount "64"]
[EventDate "2021.01.17"]
[EventType "blitz"]

1. b3 {[%emt 0:00:01]} e5 {[%emt 0:00:05]} 2. Bb2 {[%emt 0:00:02]} Nc6 {[%emt 0:00:00]} 3. e3 {[%emt 0:00:02]} Nf6 {[%emt 0:00:01]} 4. Nf3 {[%emt 0:00:02]} e4 {[%emt 0:00:04]} 5. Nd4 {[%emt 0:00:01]} Ne5 {[%emt 0:00:09]} 6. d3 {[%emt 0:00:54]} exd3 {[%emt 0:00:02]} 7. cxd3 {[%emt 0:00:02]} d5 {[%emt 0:00:11]} 8. Be2 {[%emt 0:00:08]} c6 {[%emt 0:00:01]} 9. O-O {[%emt 0:00:07]} Bd6 {[%emt 0:00:01]} 10. Nd2 {[%emt 0:00:19]} O-O {[%emt 0:00:02]} 11. e4 {[%emt 0:00:36]} dxe4 {[%emt 0:00:15]} 12. dxe4 {[%emt 0:00:03]} Re8 {[%emt 0:00:01]} 13. Qc2 {[%emt 0:01:27]} Ng6 {[%emt 0:00:33]} 14. Rfe1 {[%emt 0:00:17]} Ng4 {[%emt 0:00:41]} 15. N2f3 {[%emt 0:01:23]} Qa5 {[%emt 0:00:52]} 16. a3 {[%emt 0:00:37]} Bd7 {[%emt 0:00:27]} 17. Rad1 {[%emt 0:01:02]} Qc7 {[%emt 0:00:03]} 18. h3 {[%emt 0:00:08]} Bh2+ {[%emt 0:00:02]} 19. Kf1 {[%emt 0:00:04]} Nxf2 {[%emt 0:00:05]} 20. Kxf2 {[%emt 0:00:21]} Qg3+ {[%emt 0:00:02]} 21. Kf1 {[%emt 0:00:12]} Nf4 {[%emt 0:00:04]} 22. Bc4 {[%emt 0:00:09]} Nxg2 {[%emt 0:00:01]} 23. Re2 {[%emt 0:00:10]} Bxh3 {[%emt 0:00:20]} 24. Rxg2 {[%emt 0:00:01]} c5 {[%emt 0:00:00]} 25. Nxh2 {[%emt 0:00:05]} Qxh2 {[%emt 0:00:01]} 26. Nf3 {[%emt 0:00:02]} Qf4 {[%emt 0:00:18]} 27. Qf2 {[%emt 0:00:02]} Rad8 {[%emt 0:00:01]} 28. Rxd8 {[%emt 0:00:02]} Rxd8 {[%emt 0:00:00]} 29. Be2 {[%emt 0:00:03]} Qxe4 {[%emt 0:00:03]} 30. Kg1 {[%emt 0:00:05]} Qb1+ {[%emt 0:00:02]} 31. Kh2 {[%emt 0:00:03]} Bxg2 {[%emt 0:00:00]} 32. Bxg7 {[%emt 0:00:03]} Bxf3 {[%emt 0:00:07] TimeW} 0-1